1318 1728 1156 1569 1006 1054 1262 1254 1826 1833 1054 1017 1374 1604 1428 1335 1395 1857 1428 1331 1489 1683 1257 1373 1155 1352 1579 1524 1977 1997 1013 1151 1394 1960 1433 1257 1676 1673 1878 1015 1251 1242 1738 1784 1894 1118 1112 1314 1277 1328 1565 1631 1527 1172 1349 1438 1556 1431 1446 1007 1996 1245 1395 1614 1835 1382 1529 1640 1317 1460 1000 1268 1578 1851 1916 1364 1985 1019 1169 1052 1577 1403 1449 1161 1855 1433 1520 1411 1401 1123 1119 1227 1096 1484 1881 1270 1972 1563 1716 BCNSPRNW ULIB Ver.6.0+V

เปลี่ยนเป็นภาษาไทย

Change to English
 แสดงรายละเอียดบรรณานุกรม
  กลับหน้าหลัก

Brief Record : Get Marc (ISO 2709) : E-mail record : QR code < ปิดหน้าต่าง
LEADER : 00000nam 2200000uu 4500
001    13399123312
003     ULIB
008    140820s2556||||th 000 0 tha d
099    วจ.WK810^bว645ผ
100 0  วิภา เอี่ยมสำอางค์ จารามิลโล
245 00 ผลของการใช้โปรแกรมส่งเสริมการรับรู้สมรรถนะแห่งตนเพื่อการควบคุมเบาหวานสำหรับผู้สูงอายุต่อความรู้พฟติกรรม และการรับรู้สมรรถนะแห่งตนของผุ้สุงอายุโรคเบาหวาน/^cวิภา เอี่ยมสำอางค์ จารามิลโล
260    ลำปาง:^bวิทยาลัยพยาบาลบรมราชชนนี นครลำปาง,^c2556
300    74 หน้า
650  0 ผู้สุงอายุ^xวิจัย
650  0 โรคเบาหวาน^xวิจัย
945    ^p0^l0^i034613
999    ^aเกษร โพธิ์สุวรรณ
รายการนี้ยังไม่มีแท็ก
คุณยังไม่ได้ล็อกอิน คุณสามารถมีกิจกรรมร่วมกับเว็บไซต์ได้ แต่ต้องล็อกอินก่อน ::
  ล็อกอิน

รายการสื่อสารสนเทศ

ลำดับที่ ประเภท เลขเรียก/บาร์โค้ด สถานที่ สถานะ
1. งานวิจัย
งานวิจัย
วจ.WK810 ว645ผ ฉ.1 
  Barcode: 034613
ห้องสมุดวิทยาเขตสวรรค์ประชารักษ์
►วิจัย
บนชั้น

BibComment


ยังไม่เคยถูกคอมเมนท์

คอมเมนท์ทรัพยากรรายการนี้
  คอมเมนท์: ผลของการใช้โปรแกร..


 Copyright 2026. Bcnsprnw @Library